Biology

Bewaard in:
Bibliografische gegevens
Hoofdauteur: Campbell, Neil
Formaat: Boek
Taal:Undetermined
Gepubliceerd in: Menlo Park, California Addison Wesley Longman 1999
Onderwerpen:
Tags: Voeg label toe
Geen labels, Wees de eerste die dit record labelt!
Thư viện lưu trữ: Trung tâm Học liệu Trường Đại học Cần Thơ
LEADER 00546nam a2200193Ia 4500
001 CTU_48907
008 210402s9999 xx 000 0 und d
082 |a 570 
082 |b C189 
100 |a Campbell, Neil 
245 0 |a Biology 
245 0 |c Neil Campbell, Jane B. Reece, Lawrence G. Mitchell 
260 |a Menlo Park, California 
260 |b Addison Wesley Longman 
260 |c 1999 
526 |a Anh văn chuyên ngành Sinh học 
526 |b SP184 
650 |a Biology 
980 |a Trung tâm Học liệu Trường Đại học Cần Thơ